Biological and cultural tests of control of plants diseases

Gespeichert in:
Bibliographische Detailangaben
1. Verfasser: Wilcox, Wayne F (VerfasserIn)
Format: Buch
Sprache:Englisch
Veröffentlicht: Saint Paul APS 1989
Schlagworte:
Tags: Tag hinzufügen
Keine Tags, Fügen Sie den ersten Tag hinzu!

MARC

LEADER 00000nam a2200000 a 4500
001 UCX9931
003 CL-VaPUC
008 940704e19890000US |||||||||||||||||eng|d
082 0 4 |a 632.3  |b WIL  |2 21 
100 0 |a Wilcox, Wayne F  |e author  |9 327465 
245 1 0 |a Biological and cultural tests of control of plants diseases 
300 |a 101 p 
942 |c BK 
945 |d 19940704 00:00:00  |a mfernand 
260 |a Saint Paul  |b APS  |c 1989 
650 0 |a Patología vegetal  |x Control  |9 327466 
583 |a last modification  |c 20120812 04:22:34  |k Rodrigo Vera 
999 |c 229046  |d 229044